[Event "GER M03-B email"]
[Site "GER email"]
[Date "2014.06.01"]
[Round "?"]
[White "Dunlop, Gordon"]
[Black "Petkov, Stoyan"]
[Result "1/2-1/2"]
[WhiteElo "2407"]
[BlackElo "2389"]
[PlyCount "50"]
[EventDate "2014.??.??"]
[EventType "tourn (corr)"]
[EventRounds "14"]
[EventCountry "GER"]
[SourceTitle "Corr 2017"]
[Source "ChessBase"]
[SourceDate "2017.09.19"]
[SourceVersion "1"]
[SourceVersionDate "2017.09.19"]
[SourceQuality "1"]

1. e4 c5 2. Nf3 d6 3. d4 cxd4 4. Nxd4 Nf6 5. Nc3 a6 6. Be3 e5 7. Nb3 Be6 8. f3 Be7 9. Qd2 0-0 10. 0-0-0 Nbd7 11. g4 b5 12. g5 Nh5 13. Nd5 Bxd5 14. exd5 f6 15. gxf6 Bxf6 16. Na5 Qe8 17. Bh3 Nf4 18. Bxf4 exf4 19. Rhe1 Ne5 20. Re4 Kh8 21. Qe2 Qh5 22. Be6 Bd8 23. Nc6 Nc4 24. Nxd8 Raxd8 25. a3 Rb8 1/2-1/2

[Event "GER M03-B email"]
[Site "GER email"]
[Date "2014.06.01"]
[Round "?"]
[White "Mirbach, Thomas"]
[Black "Petkov, Stoyan"]
[Result "1/2-1/2"]
[WhiteElo "2367"]
[BlackElo "2389"]
[PlyCount "44"]
[EventDate "2014.??.??"]
[EventType "tourn (corr)"]
[EventRounds "14"]
[EventCountry "GER"]
[SourceTitle "Corr 2017"]
[Source "ChessBase"]
[SourceDate "2017.09.19"]
[SourceVersion "1"]
[SourceVersionDate "2017.09.19"]
[SourceQuality "1"]

1. e4 e5 2. Nf3 Nc6 3. Bb5 a6 4. Ba4 Nf6 5. 0-0 Be7 6. Re1 b5 7. Bb3 d6 8. c3 0-0 9. h3 Nb8 10. d4 Nbd7 11. Nbd2 Bb7 12. Bc2 Re8 13. a4 Bf8 14. Bd3 c6 15. b3 g6 16. Bb2 Nh5 17. g3 Qc7 18. Qc2 Nhf6 19. Bf1 Bg7 20. axb5 axb5 21. Rxa8 Bxa8 22. dxe5 Nxe5 1/2-1/2

[Event "GER M03-B email"]
[Site "GER email"]
[Date "2014.06.01"]
[Round "?"]
[White "Petkov, Stoyan"]
[Black "Kloster, Svetlana"]
[Result "1/2-1/2"]
[WhiteElo "2389"]
[BlackElo "2346"]
[PlyCount "35"]
[EventDate "2014.??.??"]
[EventType "tourn (corr)"]
[EventRounds "14"]
[EventCountry "GER"]
[SourceTitle "Corr 2017"]
[Source "ChessBase"]
[SourceDate "2017.09.19"]
[SourceVersion "1"]
[SourceVersionDate "2017.09.19"]
[SourceQuality "1"]

1. d4 Nf6 2. c4 e6 3. Nc3 Bb4 4. e3 0-0 5. Bd3 d5 6. Nf3 c5 7. 0-0 Nc6 8. a3 Bxc3 9. bxc3 Qc7 10. cxd5 exd5 11. a4 c4 12. Bc2 Bg4 13. Ba3 Rfe8 14. Qe1 Bd7 15. Nd2 Ng4 16. Nf3 Nf6 17. Nd2 Ng4 18. Nf3 1/2-1/2

[Event "GER M03-B email"]
[Site "GER email"]
[Date "2014.06.01"]
[Round "?"]
[White "Petkov, Stoyan"]
[Black "Semov, Dobri"]
[Result "1/2-1/2"]
[WhiteElo "2389"]
[BlackElo "2379"]
[PlyCount "60"]
[EventDate "2014.??.??"]
[EventType "tourn (corr)"]
[EventRounds "14"]
[EventCountry "GER"]
[SourceTitle "Corr 2017"]
[Source "ChessBase"]
[SourceDate "2017.09.19"]
[SourceVersion "1"]
[SourceVersionDate "2017.09.19"]
[SourceQuality "1"]

1. e4 e5 2. Nf3 Nc6 3. Bb5 a6 4. Ba4 Nf6 5. 0-0 Be7 6. Re1 b5 7. Bb3 d6 8. c3 0-0 9. h3 Nb8 10. d4 Nbd7 11. Nbd2 Bb7 12. Bc2 Re8 13. Nf1 Bf8 14. Ng3 g6 15. a4 c5 16. d5 c4 17. Bg5 h6 18. Be3 Qc7 19. Qd2 h5 20. Bh6 Nc5 21. Bxf8 Rxf8 22. Qh6 Nh7 23. Ng5 Nxg5 24. Qxg5 Kh7 25. axb5 f6 26. Qh4 axb5 27. Rxa8 Bxa8 28. f4 Qf7 29. f5 g5 30. Qxh5+ Qxh5 1/2-1/2